[Event "Edward Lasker mem."]
[Site "New York USA"]
[Date "2015.12.12"]
[Round "2"]
[White "Yang, Kaiqi"]
[Black "Taborsky, Rostislav"]
[Result "0-1"]
[WhiteElo "2376"]
[BlackElo "2227"]
[PlyCount "74"]
[EventDate "2015.12.11"]
[EventType "swiss"]
[EventRounds "9"]
[EventCountry "USA"]
[Source "Chessbase"]
[SourceDate "2016.01.15"]

1. e4 c5 2. Nf3 e6 3. d4 cxd4 4. Nxd4 Nc6 5. Nc3 Qc7 6. Be3 a6 7. Qf3 Nf6 8.
O-O-O Nxd4 9. Bxd4 e5 10. Be3 d6 11. h3 b5 12. g4 b4 13. Nd5 Nxd5 14. exd5 Be7
15. Qe4 a5 16. f4 exf4 17. Bd4 O-O 18. Bd3 f5 19. Qxf4 h6 20. Kb1 fxg4 21. Qe4
Bf5 22. Qe2 Bxd3 23. Qe6+ Kh7 24. Rxd3 Rae8 25. Qe4+ Kg8 26. Qe6+ Kh7 27. Qe4+
Kg8 28. Qg6 Bg5 29. hxg4 Re2 30. c3 Qe7 31. Rhd1 Bf6 32. R1d2 bxc3 33. Bxc3
Bxc3 34. Rxe2 Rf1+ 35. Kc2 Qxe2+ 36. Kxc3 Rc1+ 37. Kb3 Qc2+ 0-1

[Event "Edward Lasker mem."]
[Site "New York USA"]
[Date "2015.12.13"]
[Round "5"]
[White "Tarhon, Brian"]
[Black "Yang, Kaiqi"]
[Result "0-1"]
[WhiteElo "2228"]
[BlackElo "2376"]
[PlyCount "64"]
[EventDate "2015.12.11"]
[EventType "swiss"]
[EventRounds "9"]
[EventCountry "USA"]
[Source "Chessbase"]
[SourceDate "2016.01.15"]

1. e4 c5 2. Nf3 e6 3. d4 cxd4 4. Nxd4 Nc6 5. Nc3 Qc7 6. Be2 Nf6 7. O-O Be7 8.
Be3 O-O 9. f4 d6 10. Kh1 Nxd4 11. Bxd4 e5 12. Be3 b6 13. Nd5 Nxd5 14. exd5 f5
15. Qd2 Bf6 16. c3 Bd7 17. a4 Rae8 18. fxe5 Bxe5 19. Bd3 Rf7 20. g3 Ref8 21.
Kg2 h6 22. Qc2 g5 23. Kh1 Kh8 24. Rg1 Bc8 25. Raf1 Qe7 26. Qe2 Bg7 27. Qd2 Qe5
28. Bc2 Bb7 29. Rd1 Re7 30. Rge1 Qf6 31. Rf1 Qe5 32. Rfe1 Rfe8 0-1

[Event "Edward Lasker mem."]
[Site "New York USA"]
[Date "2015.12.18"]
[Round "6"]
[White "Yang, Kaiqi"]
[Black "Nebolsina, Vera"]
[Result "1/2-1/2"]
[WhiteElo "2376"]
[BlackElo "2208"]
[PlyCount "61"]
[EventDate "2015.12.11"]
[EventType "swiss"]
[EventRounds "9"]
[EventCountry "USA"]
[Source "Chessbase"]
[SourceDate "2016.01.15"]

1. e4 c5 2. Nc3 Nc6 3. Bb5 Nd4 4. Nf3 a6 5. Bc4 d6 6. Nxd4 cxd4 7. Ne2 e5 8.
O-O Nf6 9. d3 Be7 10. f4 O-O 11. Bb3 Be6 12. Ng3 Rc8 13. fxe5 dxe5 14. Nf5 Bxb3
15. cxb3 Ne8 16. Qg4 Bf6 17. Bd2 Kh8 18. Bb4 Rg8 19. Rf3 Rc6 20. Rh3 Bg5 21.
Qh5 Be3+ 22. Kf1 Nf6 23. Qxf7 Rc2 24. Ne7 Rf2+ 25. Kg1 Rf3+ 26. Kh1 Rxh3 27.
gxh3 Qd7 28. Rf1 Bf4 29. Rf2 Qxh3 30. Nxg8 Nxg8 31. Be1 1/2-1/2

[Event "Edward Lasker mem."]
[Site "New York USA"]
[Date "2015.12.19"]
[Round "7"]
[White "Colas, Joshua"]
[Black "Yang, Kaiqi"]
[Result "1-0"]
[WhiteElo "2279"]
[BlackElo "2376"]
[PlyCount "133"]
[EventDate "2015.12.11"]
[EventType "swiss"]
[EventRounds "9"]
[EventCountry "USA"]
[Source "Chessbase"]
[SourceDate "2016.01.15"]

1. d4 Nf6 2. c4 g6 3. Nc3 d5 4. Nf3 Bg7 5. Bg5 Ne4 6. Bh4 Nxc3 7. bxc3 dxc4 8.
e3 Be6 9. Qb1 b6 10. Nd2 O-O 11. Be2 Qd7 12. O-O c5 13. Bxc4 Nc6 14. Bxe6 Qxe6
15. Qb3 Qg4 16. Bg3 Rfc8 17. Rac1 Na5 18. Qb5 cxd4 19. cxd4 Rxc1 20. Rxc1 Rc8
21. Rxc8+ Qxc8 22. Qb2 Qc6 23. h3 h6 24. Kh2 e6 25. f3 b5 26. Ne4 Nc4 27. Qb3
a5 28. Nc5 a4 29. Qd3 Qd5 30. Bf2 Nd6 31. Qd2 Qc4 32. e4 Qf1 33. e5 Nc4 34. Qc2
Nb6 35. Ne4 Qc4 36. Qxc4 Nxc4 37. Nc3 Na3 38. Kg1 Bf8 39. Kf1 Bb4 40. Ne4 Nb1
41. Be1 Bxe1 42. Kxe1 Kf8 43. Kd1 Ke7 44. Kc2 Na3+ 45. Kc3 Nc4 46. Kb4 Ne3 47.
Kxb5 Nxg2 48. Kxa4 Ne1 49. Nd2 Nc2 50. Nb3 Ne1 51. Kb5 Nxf3 52. a4 Kd7 53. Kb6
Ng1 54. a5 Nxh3 55. Kb7 Nf4 56. a6 Nd5 57. a7 Nc7 58. Nc5+ Kd8 59. Na6 Na8 60.
Nc5 Nc7 61. Kc6 h5 62. Nb7+ Kc8 63. Nd6+ Kd8 64. Nxf7+ Kc8 65. Ng5 h4 66. Nxe6
Na8 67. Ng5 1-0

[Event "Edward Lasker mem."]
[Site "New York USA"]
[Date "2015.12.20"]
[Round "9"]
[White "Jacobson, Brandon"]
[Black "Yang, Kaiqi"]
[Result "0-1"]
[WhiteElo "2141"]
[BlackElo "2376"]
[PlyCount "40"]
[EventDate "2015.12.11"]
[EventType "swiss"]
[EventRounds "9"]
[EventCountry "USA"]
[Source "Chessbase"]
[SourceDate "2016.01.15"]

1. d4 Nf6 2. c4 g6 3. Nc3 d5 4. Nf3 Bg7 5. Bf4 O-O 6. Rc1 dxc4 7. e4 c5 8. d5
b5 9. e5 Nh5 10. Be3 Bg4 11. Be2 Nd7 12. e6 Bxf3 13. Bxf3 Ne5 14. Be2 fxe6 15.
dxe6 Nf4 16. Bxf4 Rxf4 17. Nxb5 Qa5+ 18. Nc3 Rd8 19. Qa4 Nd3+ 20. Bxd3 Bxc3+
0-1

[Event "Dallas UT Fall op"]
[Site "Dallas USA"]
[Date "2015.11.20"]
[Round "1"]
[White "Yang, Kaiqi"]
[Black "Troff, Kayden"]
[Result "0-1"]
[WhiteElo "2375"]
[BlackElo "2533"]
[PlyCount "70"]
[EventDate "2015.11.20"]
[EventType "swiss"]
[EventRounds "9"]
[EventCountry "USA"]
[Source "Chessbase"]
[SourceDate "2015.12.04"]

1. e4 c5 2. Nf3 d6 3. d4 cxd4 4. Nxd4 Nf6 5. Nc3 a6 6. Be3 e5 7. Nb3 Be7 8. Qd2
Ng4 9. Nd5 Nxe3 10. Qxe3 Be6 11. Rd1 Nd7 12. Be2 Bg5 13. Qd3 O-O 14. O-O Rc8
15. c3 Kh8 16. h3 f5 17. exf5 Bxf5 18. Qg3 Bc2 19. Rde1 Be4 20. Rd1 Bxd5 21.
Rxd5 Bf4 22. Qd3 e4 23. Qxe4 Nf6 24. Qd3 Nxd5 25. Qxd5 b5 26. Qb7 Qe8 27. Bg4
Rb8 28. Qxa6 Ra8 29. Qb7 Rxa2 30. Nd4 Rxb2 31. Ne6 Rf7 32. Qe4 d5 33. Qxd5 Bb8
34. Bh5 g6 35. Bf3 Rd7 0-1

[Event "Dallas UT Fall op"]
[Site "Dallas USA"]
[Date "2015.11.21"]
[Round "3"]
[White "Yang, Kaiqi"]
[Black "Pamatmat, Jarod"]
[Result "1-0"]
[WhiteElo "2375"]
[BlackElo "2232"]
[PlyCount "71"]
[EventDate "2015.11.20"]
[EventType "swiss"]
[EventRounds "9"]
[EventCountry "USA"]
[Source "Chessbase"]
[SourceDate "2015.12.04"]

1. e4 e6 2. d4 d5 3. Nc3 Nf6 4. e5 Nfd7 5. f4 c5 6. Nf3 Nc6 7. Be3 Be7 8. a3
O-O 9. dxc5 Bxc5 10. Bxc5 Nxc5 11. b4 Nd7 12. Bd3 h6 13. O-O a6 14. Qe1 Qc7 15.
Kh1 b5 16. Ne2 Nb6 17. Ng3 Nc4 18. Nh5 Kh8 19. Nxg7 Kxg7 20. Qg3+ Kh8 21. Qh4
f5 22. exf6 e5 23. Qxh6+ Kg8 24. Qg5+ Kh8 25. Nxe5 N6xe5 26. fxe5 Nxe5 27. Qh6+
Kg8 28. f7+ Rxf7 29. Bh7+ Kh8 30. Bg6+ Kg8 31. Rxf7 Nxf7 32. Qh7+ Kf8 33. Rf1
Be6 34. Bxf7 Bxf7 35. Qh8+ Ke7 36. Rxf7+ 1-0

[Event "Dallas UT Fall op"]
[Site "Dallas USA"]
[Date "2015.11.22"]
[Round "4"]
[White "Camacho, Chardine Cheradee"]
[Black "Yang, Kaiqi"]
[Result "1/2-1/2"]
[WhiteElo "2258"]
[BlackElo "2375"]
[PlyCount "161"]
[EventDate "2015.11.20"]
[EventType "swiss"]
[EventRounds "9"]
[EventCountry "USA"]
[Source "Chessbase"]
[SourceDate "2015.12.04"]

1. e4 e5 2. Nf3 Nc6 3. d4 exd4 4. Bc4 Nf6 5. e5 d5 6. Bb5 Ne4 7. Nxd4 Bd7 8.
Bxc6 bxc6 9. O-O Bc5 10. f3 Ng5 11. f4 Ne4 12. Be3 Bb6 13. c3 O-O 14. Nd2 c5
15. Ne2 Bb5 16. a4 Nxd2 17. Qxd2 Bxe2 18. Qxe2 c4 19. Bd4 f5 20. Qd2 c6 21.
Rae1 Bxd4+ 22. Qxd4 Qb6 23. Qxb6 axb6 24. Ra1 Ra5 25. Ra3 Rfa8 26. Rfa1 c5 27.
Kf2 d4 28. cxd4 cxd4 29. Rc1 Rc5 30. Rd1 Rd8 31. Ke2 Kf7 32. Kd2 Ke6 33. Rh3 h6
34. Rg3 g5 35. Rh3 gxf4 36. Rxh6+ Kd5 37. Re1 c3+ 38. bxc3 dxc3+ 39. Kc1 Kc4
40. e6 Re8 41. e7 Rc7 42. Rhe6 b5 43. axb5 Kxb5 44. Kc2 Kc4 45. Rf1 Kd5 46.
Rfe1 Kd4 47. Rd1+ Kc4 48. Rf1 Kd5 49. Rfe1 Ra7 50. Kd3 Kc5 51. R6e5+ Kd6 52.
Kxc3 Ra2 53. R1e2 Ra3+ 54. Kb4 f3 55. Kxa3 fxe2 56. Rxe2 Kd7 57. Kb4 Rb8+ 58.
Kc5 Ke8 59. Kd5 Rb5+ 60. Ke6 f4 61. Re4 Rb2 62. Rxf4 Re2+ 63. Kf6 Rxg2 64. h4
Re2 65. Rg4 Re6+ 66. Kg7 Rxe7+ 67. Kg8 Re1 68. h5 Rh1 69. Rg5 Ke7 70. Kg7 Rf1
71. Re5+ Kd6 72. Rg5 Ke7 73. Re5+ Kd6 74. Re2 Rg1+ 75. Kh7 Kd7 76. h6 Rg3 77.
Ra2 Ke7 78. Ra7+ Kf8 79. Rg7 Rh3 80. Rg4 Rf3 81. Kg6 1/2-1/2

[Event "Dallas UT Fall op"]
[Site "Dallas USA"]
[Date "2015.11.22"]
[Round "5"]
[White "Yang, Kaiqi"]
[Black "Iotov, Valentine"]
[Result "0-1"]
[WhiteElo "2375"]
[BlackElo "2524"]
[PlyCount "58"]
[EventDate "2015.11.20"]
[EventType "swiss"]
[EventRounds "9"]
[EventCountry "USA"]
[Source "Chessbase"]
[SourceDate "2015.12.04"]

1. e4 c5 2. Nf3 e6 3. d4 cxd4 4. Nxd4 Nc6 5. Nc3 Qc7 6. Be3 a6 7. Qd2 Nf6 8.
O-O-O Be7 9. f3 h5 10. Kb1 b5 11. Qf2 Ne5 12. h3 d6 13. f4 b4 14. fxe5 dxe5 15.
Nxe6 fxe6 16. Na4 Nxe4 17. Qe1 O-O 18. Bd3 Bb7 19. Nb6 Rad8 20. Nc4 Bc5 21.
Bxc5 Qxc5 22. Qh4 Rd4 23. Qxh5 Rxc4 24. Bxc4 Qxc4 25. Qxe5 Bd5 26. b3 Qc5 27.
Rde1 Rf2 28. Qb2 Nd2+ 29. Kc1 Be4 0-1

[Event "Dallas UT Fall op"]
[Site "Dallas USA"]
[Date "2015.11.24"]
[Round "7"]
[White "Yang, Kaiqi"]
[Black "Drozdowski, Kacper"]
[Result "0-1"]
[WhiteElo "2375"]
[BlackElo "2481"]
[PlyCount "76"]
[EventDate "2015.11.20"]
[EventType "swiss"]
[EventRounds "9"]
[EventCountry "USA"]
[Source "Chessbase"]
[SourceDate "2015.12.04"]

1. e4 c5 2. Nf3 e6 3. d4 cxd4 4. Nxd4 a6 5. Bd3 Nf6 6. O-O d6 7. Nc3 Nbd7 8.
Kh1 g6 9. f4 Bg7 10. Qe1 O-O 11. Nf3 Nc5 12. e5 Nd5 13. Ne4 Nxe4 14. Bxe4 b5
15. b3 dxe5 16. fxe5 f5 17. exf6 Qxf6 18. Ba3 Qxa1 19. Qxa1 Bxa1 20. Bxf8 Kxf8
21. Rxa1 Ra7 22. Rd1 Rc7 23. Bxd5 exd5 24. Nd4 Ke7 25. Kg1 Kd6 26. Kf2 Bf5 27.
Nxf5+ gxf5 28. Rd2 Rc3 29. Re2 f4 30. Ke1 d4 31. Kd2 Re3 32. a3 h5 33. Rxe3
dxe3+ 34. Ke2 h4 35. c3 a5 36. h3 Kd5 37. Kf3 a4 38. bxa4 bxa4 0-1

[Event "Montreal op"]
[Site "Montreal CAN"]
[Date "2015.09.11"]
[Round "1.4"]
[White "Yang, Kaiqi"]
[Black "Tremblay, Alain"]
[Result "1/2-1/2"]
[WhiteElo "2397"]
[BlackElo "2097"]
[PlyCount "99"]
[EventDate "2015.09.12"]
[EventType "swiss"]
[EventRounds "5"]
[EventCountry "CAN"]

1. e4 e5 2. Nf3 Nc6 3. Bb5 a6 4. Ba4 Nf6 5. O-O Be7 6. d3 b5 7. Bb3 O-O 8. Nc3
d6 9. a4 b4 10. Nd5 Nxd5 11. Bxd5 Bd7 12. a5 Rb8 13. Bd2 Kh8 14. c3 bxc3 15.
Bxc3 Nb4 16. Bc4 c5 17. Bxb4 cxb4 18. d4 Qc7 19. Qd3 exd4 20. Bxa6 Bf6 21. Rfc1
Qa7 22. Bc4 Rfc8 23. a6 Bc6 24. h3 h6 25. Bd5 Bxd5 26. exd5 Rc5 27. Rxc5 Qxc5
28. Rd1 Ra8 29. Nxd4 Qxd5 30. b3 Bxd4 31. Qxd4 Qxd4 32. Rxd4 Rxa6 33. Rxb4 Kh7
34. Rd4 Kg6 35. b4 Kf6 36. f4 h5 37. Kf2 Ke6 38. Kg3 Ra2 39. Re4+ Kf6 40. Kf3
Rb2 41. Kg3 g6 42. Kf3 Rb3+ 43. Ke2 d5 44. Rd4 Ke6 45. Kf2 Rc3 46. Ke2 Rb3 47.
Kf2 Rc3 48. Ke1 Kd6 49. Ke2 Rb3 50. Kf2 1/2-1/2

[Event "Montreal op"]
[Site "Montreal CAN"]
[Date "2015.09.12"]
[Round "3.4"]
[White "Bolduc, Steve"]
[Black "Yang, Kaiqi"]
[Result "1-0"]
[WhiteElo "2228"]
[BlackElo "2397"]
[PlyCount "83"]
[EventDate "2015.09.12"]
[EventType "swiss"]
[EventRounds "5"]
[EventCountry "CAN"]

1. c4 Nf6 2. g3 c5 3. Bg2 d5 4. cxd5 Nxd5 5. Nc3 Nc7 6. Nf3 Nc6 7. O-O e5 8.
Ne1 Be7 9. d3 O-O 10. b3 Bg4 11. Bxc6 bxc6 12. Na4 Ne6 13. Ba3 e4 14. Rc1 Re8
15. f3 exf3 16. Nxf3 Nd4 17. Rc4 Bg5 18. Bxc5 Nxf3+ 19. exf3 Bh3 20. Rf2 Be3
21. Bxe3 Rxe3 22. Rd2 f5 23. Kf2 Qe7 24. Nc3 Re8 25. Re2 Qg5 26. Rf4 Qe7 27.
Qd2 Rxe2+ 28. Nxe2 g5 29. Rc4 g4 30. Nf4 Qf6 31. Qc3 Qe7 32. d4 gxf3 33. Rxc6
Qa3 34. Qd2 Bg4 35. Re6 Rxe6 36. Nxe6 Bh5 37. Nf4 Bf7 38. Kxf3 Qd6 39. Kf2 Bd5
40. Qa5 Be4 41. Qc5 Qa6 42. Qc4+ 1-0

[Event "CHN-Tch"]
[Site "Beijing CHN"]
[Date "2014.04.13"]
[Round "2.4"]
[White "Li Shilong"]
[Black "Yang, Kaiqi"]
[Result "1-0"]
[WhiteElo "2500"]
[BlackElo "2331"]
[PlyCount "51"]
[EventDate "2014.04.12"]
[EventType "team"]
[EventRounds "22"]
[EventCountry "CHN"]
[Source "ChessBase"]
[SourceDate "2014.04.24"]
[WhiteTeam "Guangdong"]
[BlackTeam "Hebei"]
[WhiteTeamCountry "CHN"]
[BlackTeamCountry "CHN"]

1. d4 Nf6 2. c4 e6 3. Nc3 Bb4 4. e3 O-O 5. Bd3 c5 6. Nge2 d5 7. O-O cxd4 8.
exd4 dxc4 9. Bxc4 Nc6 10. a3 Be7 11. Qd3 b6 12. Bf4 Bb7 13. Rad1 Qc8 14. Ba2
Rd8 15. Qh3 g6 16. Rfe1 Nh5 17. Be3 Bf8 18. g4 e5 19. Qf3 Nf4 20. Ne4 Nxd4 21.
Nxd4 Bxe4 22. Qxe4 Rxd4 23. Bxd4 Nh3+ 24. Kg2 Ng5 25. Qxe5 Qxg4+ 26. Qg3 1-0

[Event "CHN-Tch"]
[Site "Beijing CHN"]
[Date "2014.12.09"]
[Round "19.6"]
[White "Wang Chen"]
[Black "Yang, Kaiqi"]
[Result "1-0"]
[WhiteElo "2513"]
[BlackElo "2331"]
[PlyCount "59"]
[EventDate "2014.04.12"]
[EventType "team"]
[EventRounds "22"]
[EventCountry "CHN"]
[Source "Chessbase"]
[SourceDate "2015.02.21"]
[WhiteTeam "Chongqing"]
[BlackTeam "Hebei"]
[WhiteTeamCountry "CHN"]
[BlackTeamCountry "CHN"]

1. d4 Nf6 2. Bg5 Ne4 3. Bf4 c5 4. f3 Qa5+ 5. c3 Nf6 6. d5 e6 7. e4 b5 8. a4 c4
9. Nd2 exd5 10. exd5 Nxd5 11. Nb3 cxb3 12. Qxd5 Nc6 13. Bxb5 Bb7 14. O-O-O Qd8
15. Re1+ Be7 16. Bd6 O-O 17. Bxe7 Nxe7 18. Qxb7 Nc6 19. Bxc6 Qg5+ 20. f4 Qxf4+
21. Kb1 dxc6 22. Qxb3 Rab8 23. Qc2 Rb7 24. Ne2 Qc4 25. Nc1 Rfb8 26. Ka1 g6 27.
Re4 Qd5 28. Rd4 Qa5 29. b3 Qc5 30. Ka2 1-0

[Event "CHN-Tch"]
[Site "CHN"]
[Date "2013.04.30"]
[Round "1.3"]
[White "Yang, Kaiqi"]
[Black "Wang Chen"]
[Result "0-1"]
[WhiteElo "2371"]
[BlackElo "2485"]
[PlyCount "158"]
[EventDate "2013.04.30"]
[EventType "team"]
[EventRounds "22"]
[EventCountry "CHN"]
[WhiteTeam "Hebei"]
[BlackTeam "Chongqing"]

1. e4 c5 2. Nf3 e6 3. g3 Nf6 4. e5 Nd5 5. Bg2 d6 6. exd6 Bxd6 7. d4 O-O 8. O-O
cxd4 9. Nxd4 Be5 10. Nc3 Nc6 11. Nxc6 bxc6 12. Qe2 Bxc3 13. bxc3 Qf6 14. Ba3
Rd8 15. Qc4 Bb7 16. Rab1 Rd7 17. Rb3 Nb6 18. Qg4 Qe5 19. Bb2 f5 20. Qh4 Qe2 21.
c4 Qxc4 22. Qxc4 Nxc4 23. Bc3 Nb6 24. Ba5 Nc4 25. Bc3 Rad8 26. Re1 Kf7 27. Bf1
Nb6 28. Ba5 Rd1 29. Rb1 Rxe1 30. Rxe1 c5 31. Rb1 Rd6 32. Bc3 Be4 33. Rc1 Na4
34. Be1 Bf3 35. Bb5 Nb6 36. a4 a6 37. Bxa6 Nxa4 38. Bb5 Nb6 39. Bc3 Nd5 40. Be5
Rb6 41. Bc4 Ne7 42. Re1 Be4 43. Bd3 Bxd3 44. cxd3 Nc6 45. Bd6 Nd4 46. Bxc5 Nf3+
47. Kh1 Nxe1 48. Bxb6 Nxd3 49. Kg2 e5 50. h4 g6 51. Kf3 Ke6 52. Ke3 Nb2 53. Ba7
Kd5 54. Bb8 Nc4+ 55. Kd3 Na5 56. Ke3 Nc4+ 57. Kd3 Nd6 58. Ke3 Ne4 59. Ba7 Nf6
60. Bb8 Ng4+ 61. Ke2 Ke6 62. Bc7 Nf6 63. Bb8 Nd7 64. Bc7 Kd5 65. Ke3 Nc5 66.
Bb8 Ne6 67. Kf3 Kd4 68. Bd6 Nc5 69. Bb8 Nd7 70. Bd6 Kd3 71. Bc7 e4+ 72. Kg2 Ke2
73. Bf4 Nc5 74. Be3 Nd3 75. Bb6 Nxf2 76. Bxf2 e3 77. Bg1 h5 78. Bh2 Kd1 79. g4
e2 0-1

[Event "CHN-Tch"]
[Site "CHN"]
[Date "2013.05.01"]
[Round "2.5"]
[White "Wang, Yiye"]
[Black "Yang, Kaiqi"]
[Result "1-0"]
[WhiteElo "2245"]
[BlackElo "2371"]
[PlyCount "119"]
[EventDate "2013.04.30"]
[EventType "team"]
[EventRounds "22"]
[EventCountry "CHN"]
[WhiteTeam "Qinhuangdao"]
[BlackTeam "Hebei"]

1. e4 g6 2. d4 Bg7 3. Nc3 c6 4. Nf3 d6 5. Be2 Nf6 6. O-O b5 7. e5 dxe5 8. dxe5
Qxd1 9. Rxd1 Ng4 10. Bf4 Nd7 11. e6 fxe6 12. Ng5 Ndf6 13. h3 b4 14. Bf3 O-O 15.
Bxc6 bxc3 16. Bxa8 cxb2 17. Rab1 Nh5 18. Bc7 Ne5 19. Rxb2 Nf3+ 20. Bxf3 Bxb2
21. Rd3 h6 22. Bxh5 gxh5 23. Ne4 h4 24. Rb3 Bd4 25. c3 Bg7 26. f3 Ba6 27. Ra3
Bb7 28. Nc5 Bd5 29. Ba5 Rc8 30. Bb4 Rc7 31. Kf2 Be5 32. Ke3 Kf7 33. Nd3 Bh2 34.
Ra5 Kf6 35. Bc5 Bg1+ 36. Kd2 Bxc5 37. Nxc5 Rc8 38. Ke3 Ke5 39. Nd3+ Kf6 40. Nc5
Ke5 41. Nd3+ Kf6 42. Nc5 Kf7 43. a3 Rb8 44. Nd3 Rg8 45. c4 Ba8 46. Rxa7 Kf6 47.
Nf4 Bc6 48. Rc7 Ba4 49. Rc5 e5 50. Nd5+ Ke6 51. Nb6 Bc2 52. Rc6+ Kf5 53. Nd5
Rxg2 54. Rxh6 Kg5 55. Re6 Bf5 56. Rxe5 e6 57. Nf4 Rc2 58. Nxe6+ Kf6 59. Rxf5+
Kxe6 60. Rf4 1-0

[Event "CHN-Tch"]
[Site "CHN"]
[Date "2013.05.02"]
[Round "3.2"]
[White "Yang, Kaiqi"]
[Black "Jobava, Baadur"]
[Result "0-1"]
[WhiteElo "2371"]
[BlackElo "2702"]
[PlyCount "92"]
[EventDate "2013.04.30"]
[EventType "team"]
[EventRounds "22"]
[EventCountry "CHN"]
[WhiteTeam "Hebei"]
[BlackTeam "Qingdao"]

1. e4 c5 2. Nf3 Nc6 3. Nc3 d6 4. d4 cxd4 5. Nxd4 Nf6 6. Bc4 Bd7 7. Bb3 g6 8.
Be3 Bg7 9. f3 O-O 10. Qd2 Nxd4 11. Bxd4 e6 12. h4 b5 13. h5 a5 14. a4 bxa4 15.
Nxa4 Bxa4 16. Bxa4 Nxh5 17. Bxg7 Kxg7 18. g4 Nf6 19. O-O-O h5 20. gxh5 Nxh5 21.
Rxh5 gxh5 22. Rg1+ Kh7 23. Rg5 Rh8 24. c3 f6 25. Rg1 Ra7 26. f4 Rg7 27. Rh1 Qb6
28. Kc2 Kg8 29. f5 Kf8 30. fxe6 Ke7 31. Rh2 Rb8 32. Kb1 Qc5 33. Rf2 Rg5 34. Ka2
Qc4+ 35. b3 Qxe4 36. Re2 Rd5 37. Qe1 Qd3 38. Qf2 Rc5 39. Qg2 Rg5 40. Qc6 Qxe2+
41. Ka3 Qxe6 42. Qc7+ Kf8 43. Qxb8+ Kg7 44. Bb5 Qe1 45. Qb7+ Kh6 46. Kb2 Qd2+
0-1

[Event "CHN-Tch"]
[Site "CHN"]
[Date "2013.05.03"]
[Round "4.6"]
[White "Ma, Qun"]
[Black "Yang, Kaiqi"]
[Result "1-0"]
[WhiteElo "2559"]
[BlackElo "2371"]
[PlyCount "95"]
[EventDate "2013.04.30"]
[EventType "team"]
[EventRounds "22"]
[EventCountry "CHN"]
[WhiteTeam "Tianjin"]
[BlackTeam "Hebei"]

1. e4 c6 2. d4 d5 3. Nd2 dxe4 4. Nxe4 Bf5 5. Ng3 Bg6 6. h4 h6 7. Nf3 Nd7 8. h5
Bh7 9. Bd3 Bxd3 10. Qxd3 e6 11. Bd2 Ngf6 12. O-O-O Be7 13. Kb1 O-O 14. Qe2 c5
15. d5 Nxd5 16. Ne4 Qb6 17. g4 N7f6 18. g5 Nxe4 19. Qxe4 hxg5 20. h6 Bf6 21.
Ne5 g6 22. c4 Kh7 23. b3 Rad8 24. Ng4 Bh8 25. cxd5 exd5 26. Qf3 f5 27. Rde1 Qd6
28. Qg3 Rf7 29. Qxd6 Rxd6 30. Ne5 Bxe5 31. Rxe5 g4 32. Bf4 Rdd7 33. Rhe1 b6 34.
Re8 g5 35. Bxg5 f4 36. Rg1 g3 37. fxg3 f3 38. Bf4 d4 39. Kc2 b5 40. Rc8 d3+ 41.
Kd1 Rfe7 42. Rxc5 Re2 43. Bd2 Rde7 44. Rf1 Rg2 45. Rd5 f2 46. Rf5 Re2 47. Rf3
b4 48. Rxd3 1-0

[Event "CHN-Tch"]
[Site "CHN"]
[Date "2013.10.10"]
[Round "11.4"]
[White "Yu, Ruiyuan"]
[Black "Yang, Kaiqi"]
[Result "1-0"]
[WhiteElo "2554"]
[BlackElo "2341"]
[PlyCount "81"]
[EventDate "2013.04.30"]
[EventType "team"]
[EventRounds "22"]
[EventCountry "CHN"]
[Source "Mark Crowther"]
[SourceDate "2013.10.14"]
[WhiteTeam "Jiangsu"]
[BlackTeam "Hebei"]

1. e4 e5 2. Nf3 Nc6 3. d4 exd4 4. Nxd4 Nf6 5. Nxc6 bxc6 6. e5 Qe7 7. Qe2 Nd5 8.
c4 Nb6 9. Nc3 Ba6 10. Qe4 Qe6 11. b3 Bb4 12. Bd2 Bxc3 13. Bxc3 d5 14. Qh4 dxc4
15. Be2 Nd5 16. Bxc4 Bxc4 17. Qxc4 Nxc3 18. Qxc3 O-O-O 19. O-O Rd5 20. Rae1
Rhd8 21. h3 Rd4 22. Re2 g5 23. Rc1 Kb7 24. Qg3 Qf5 25. Kh2 h5 26. Rc3 Rf4 27.
Qe3 Rdd4 28. f3 h4 29. Rec2 Qe6 30. Rxc6 Qxc6 31. Rxc6 Kxc6 32. e6 fxe6 33.
Qxe6+ Rd6 34. Qe8+ Kb7 35. Qb5+ Kc8 36. Qxg5 Rdd4 37. Qb5 Rd6 38. a4 a6 39. Qg5
Rb4 40. f4 Rxb3 41. Qg8+ 1-0

[Event "CHN-Tch"]
[Site "CHN"]
[Date "2013.10.11"]
[Round "12.3"]
[White "Wang Chen"]
[Black "Yang, Kaiqi"]
[Result "1-0"]
[WhiteElo "2492"]
[BlackElo "2341"]
[PlyCount "107"]
[EventDate "2013.04.30"]
[EventType "team"]
[EventRounds "22"]
[EventCountry "CHN"]
[Source "Mark Crowther"]
[SourceDate "2013.10.14"]
[WhiteTeam "Chongqing"]
[BlackTeam "Hebei"]

1. e4 e5 2. Nf3 Nc6 3. Bb5 a6 4. Ba4 Nf6 5. d3 d6 6. c3 Bd7 7. O-O g6 8. Nbd2
Bg7 9. Re1 O-O 10. Nf1 Nh5 11. h3 Nf4 12. d4 b5 13. Bxf4 bxa4 14. dxe5 Nxe5 15.
Nxe5 dxe5 16. Bg5 Qe8 17. c4 Bc6 18. f3 f6 19. Bd2 f5 20. exf5 gxf5 21. Bc3 Qe7
22. Ne3 e4 23. Nd5 Qc5+ 24. Kh1 Bxc3 25. bxc3 Rf7 26. Qe2 Bxd5 27. cxd5 Qxd5
28. Rad1 Qc6 29. fxe4 fxe4 30. Qg4+ Kh8 31. Rxe4 Rg8 32. Qe2 Rfg7 33. Rg1 Qxc3
34. Rxa4 Rg3 35. Rh4 Qg7 36. Qe4 c5 37. Qc2 Qb7 38. Re4 Qd7 39. Qb2+ R8g7 40.
Rge1 h6 41. Re6 Kh7 42. Qc1 R3g6 43. Rxg6 Rxg6 44. Qxc5 Rg7 45. Qc2+ Kh8 46.
Rd1 Qe7 47. Qc8+ Rg8 48. Qxa6 Rxg2 49. Kxg2 Qe4+ 50. Kf2 Qf4+ 51. Ke2 Qe5+ 52.
Kd2 Qd4+ 53. Kc2 Qc5+ 54. Kb3 1-0

[Event "CHN-Tch"]
[Site "CHN"]
[Date "2013.10.12"]
[Round "13.5"]
[White "Yang, Kaiqi"]
[Black "Wang, Yiye"]
[Result "0-1"]
[WhiteElo "2341"]
[BlackElo "2258"]
[PlyCount "126"]
[EventDate "2013.04.30"]
[EventType "team"]
[EventRounds "22"]
[EventCountry "CHN"]
[Source "Mark Crowther"]
[SourceDate "2013.10.14"]
[WhiteTeam "Hebei"]
[BlackTeam "Qinhuangdao"]

1. d4 Nf6 2. c4 c5 3. d5 b5 4. cxb5 a6 5. bxa6 e6 6. Nc3 exd5 7. Nxd5 Nxa6 8.
Nf3 Bb7 9. Nxf6+ Qxf6 10. g3 d5 11. Bg2 Bd6 12. Qa4+ Kf8 13. Qd7 Nb4 14. Qxb7
Rb8 15. Qd7 Nc2+ 16. Kf1 Nxa1 17. Ng5 Rd8 18. Qh3 Ke7 19. Bxd5 Bxg3 20. Ne4 Qe5
21. Bc6 Bf4 22. Kg2 Nc2 23. Bxf4 Qxf4 24. Qc3 Nb4 25. Qxc5+ Ke6 26. Rc1 f6 27.
Rc4 Nxc6 28. Qxc6+ Kf7 29. e3 Qb8 30. b4 Rhe8 31. b5 Kg8 32. b6 f5 33. Ng3 Rd6
34. Qc7 Qxb6 35. Qxb6 Rxb6 36. Nxf5 Rf8 37. e4 g6 38. Ne7+ Kg7 39. Kg3 Rbf6 40.
Rc2 Re6 41. Nd5 Rxe4 42. Ne3 Rf7 43. h4 Re5 44. Ng4 Ra5 45. Ne3 Rfa7 46. Rc6
R5a6 47. Rc5 Rxa2 48. h5 R2a5 49. Rxa5 Rxa5 50. hxg6 Rg5+ 51. Kh4 Kxg6 52. f4
Rh5+ 53. Kg4 Ra5 54. Kf3 Ra3 55. Ke4 h5 56. Kf3 h4 57. Kf2 Kh5 58. f5 Kg5 59.
Ng2 h3 60. Ne1 Kf4 61. f6 Ra2+ 62. Kg1 Kg3 63. f7 h2+ 0-1

[Event "CHN-Tch"]
[Site "CHN"]
[Date "2013.10.13"]
[Round "14.2"]
[White "Mu Ke"]
[Black "Yang, Kaiqi"]
[Result "0-1"]
[WhiteElo "2311"]
[BlackElo "2341"]
[PlyCount "54"]
[EventDate "2013.04.30"]
[EventType "team"]
[EventRounds "22"]
[EventCountry "CHN"]
[Source "Mark Crowther"]
[SourceDate "2013.10.14"]
[WhiteTeam "Qingdao"]
[BlackTeam "Hebei"]

1. c4 Nf6 2. Nc3 g6 3. g3 Bg7 4. Bg2 e5 5. e4 O-O 6. Nge2 c6 7. O-O Na6 8. d4
exd4 9. Nxd4 Re8 10. Re1 d6 11. h3 Qb6 12. Nb3 Be6 13. Be3 Qc7 14. Qe2 Rad8 15.
Rac1 Qc8 16. Kh2 Qb8 17. Nd4 Bd7 18. Rcd1 Nc5 19. Qc2 h5 20. Bf4 h4 21. Nb3
hxg3+ 22. fxg3 Nxb3 23. Bxd6 Na1 24. Qf2 Bxh3 25. Bxh3 Rxd6 26. Rxa1 Nh5 27.
Bg4 Nxg3 0-1